Мост към нас (Запис номер 151258)
[ съкратено ]
| 000 -Лидер | |
|---|---|
| Контролно поле с фиксирана дължина | 02390nam a2200565 c 4500 |
| 003 - Код на организацията, давaща контролен номер | |
| Контролно поле | BLK |
| 005 - Дата и час на последна редакция | |
| Контролно поле | 20240416135334.0 |
| 008 - Елементи от данни с фиксирана дължина | |
| fixed length control field | 180410b bul|||||r ||||||| ||bul|| |
| 010 ## - Наследен системен номер | |
| LC control number | KNG00157644000 |
| 040 ## - Източник на каталожния запис | |
| Идентификатор на билиотеката - собственик на записа | BLK |
| 041 ## - Код за език | |
| Код за езика на текст/звукозапис или на отделно заглавие | Български |
| Код за езика КДБФ | Български |
| 072 #7 - Код за тематичната категория | |
| Код организация | bullib |
| Код за тематична категория | К |
| Текст | Краезнание |
| 072 #7 - Код за тематичната категория | |
| Код организация | bullib |
| Код за тематична категория | Я |
| Текст | Автографи |
| 080 ## - УДК | |
| Текстов определител УДК | Комунистически партии. Вж и 327.323 |
| УДК код - определител по УДК | 329.15 |
| УДК определител | (497.2)БКП(092) |
| УДК - код + определител | 329.15(497.2)БКП(092) |
| 080 ## - УДК | |
| Текстов определител УДК | Политически и национални младежки движения |
| УДК код - определител по УДК | 329.78 |
| УДК определител | (092) |
| УДК - код + определител | 329.78(092) |
| 080 ## - УДК | |
| Текстов определител УДК | Българска литература |
| УДК код - определител по УДК | 821.163.2 |
| УДК определител | -32 |
| УДК - код + определител | 821.163.2-32 |
| 080 ## - УДК | |
| Текстов определител УДК | Биографии |
| УДК код - определител по УДК | 929 |
| УДК - код + определител | 929 |
| 100 1# - Редна дума - Автор | |
| Автор | Таджер, Салис Самуил |
| Авторска отговорност | първи автор |
| R(LIN) | 371385 |
| 139 ## - Редно поле | |
| Редна дума | Таджер, Салис Самуил |
| Авторски знак | Тадж - Т 18 |
| 245 10 - Сведения за заглавието | |
| Заглавие | Мост към нас |
| Подзаглавни данни | Докум. повести |
| Редно поле (дума) | Салис Самуил Таджер. |
| 257 ## - Страна на издаване | |
| Страна на създаване/издаване | България |
| 260 ## - Област на издателските данни | |
| Име на издателя, разпространителя и проч. | Партиздат |
| Година на издаване | 1980 |
| Печатница | В. Търново : Д. Найденов |
| 300 ## - Физическа характеристика | |
| Страници | 380 с. |
| Илюстрации и др. | с портр. |
| Размери/Мащаб | 16 см |
| 380 ## - Жанр | |
| Жанр | Обществени науки |
| 490 1# - СЕРИИ (Колекции) | |
| Име на серия | Поредица Художествено-документални биографии |
| 500 ## - Общи забележки | |
| Забележка | 7 115 тир. - За Петър Караминчев, Ана Вентура и Димитър Богданов |
| 600 #0 - Име на лице, използвано като предмет | |
| За него / За нея | Караминчев, Петър Минчев |
| Свързани дати | 1887 г. - 1943 г. |
| Друга информация | Деец на комунистическото движение, юрист. Адвокат - в Русе |
| 9 (RLIN) | 491952 |
| 600 14 - Име на лице, използвано като предмет | |
| За него / За нея | Богданов, Димитър |
| 9 (RLIN) | 331328 |
| 600 14 - Име на лице, използвано като предмет | |
| За него / За нея | Вентура, Ана Аврам |
| Свързани дати | 1925 - 1944 |
| 9 (RLIN) | 224008 |
| 650 #4 - Допълнително описание по предмет – тема | |
| Основно описание – тема или топоним | БКП - дейци |
| 9 (RLIN) | 242529 |
| 650 #4 - Допълнително описание по предмет – тема | |
| Основно описание – тема или топоним | РМС - дейци |
| 9 (RLIN) | 255188 |
| 651 #4 - Допълнително описание по предмет - топоним | |
| Географско понятие | България |
| 9 (RLIN) | 241624 |
| 651 #4 - Допълнително описание по предмет - топоним | |
| Географско понятие | Русе |
| 9 (RLIN) | 179462 |
| 653 ## - Ключова дума – ненормативна | |
| Ключова дума | БКП |
| 653 ## - Ключова дума – ненормативна | |
| Ключова дума | комунисти |
| 653 ## - Ключова дума – ненормативна | |
| Ключова дума | РМС |
| 653 ## - Ключова дума – ненормативна | |
| Ключова дума | ремсисти |
| 653 ## - Ключова дума – ненормативна | |
| Ключова дума | Ана Вентура |
| 653 ## - Ключова дума – ненормативна | |
| Ключова дума | Петър Караминчев |
| 659 ## - Тематичен бюлетин | |
| Тематичен бюлетин | К |
| 659 ## - Тематичен бюлетин | |
| Тематичен бюлетин | Я |
| 852 ## - Местоположение | |
| Форматна сигнатура | Цб І 18091 |
| 852 ## - Местоположение | |
| Форматна сигнатура | К 329(092)/Т 18 С |
| 856 4# - Електронен адрес и достъп | |
| Електронен формат | pdf - файл |
| 856 4# - Електронен адрес и достъп | |
| Електронен формат | pdf - файл |
| 999 ## - СИСТЕМНИ КОНТРОЛНИ НОМЕРА | |
| Koha biblionumber | 151258 |
| Koha biblioitemnumber | 151258 |
| 942 ## - АРТИКУЛИ | |
| Вид на библиотечния материал | Книги |
| Скрит в OPAC | Не |
| Периодичен библиозапис | Да |
| 944 ## - СЪЗДАВАНЕ И РЕДАКЦИЯ на ЗАПИСА | |
| Създаване/Редакция | Създаване |
| Дата на регистрацията/редакция | 10.03.2014 |
| Статус, дата на статуса | Геновева Генчева |
| Служител, извършил регистрацията/редакцията | 30560 |
| 944 ## - СЪЗДАВАНЕ И РЕДАКЦИЯ на ЗАПИСА | |
| Създаване/Редакция | Редакция |
| Дата на регистрацията/редакция | 10.03.2014 |
| Статус, дата на статуса | 10.03.2014 - от С1,Р / 10.03.2014 |
| 999 ## - СИСТЕМНИ КОНТРОЛНИ НОМЕРА | |
| Koha biblioitemnumber | 151258 |
| Код за отписване | Код за изгубен артикул | Източник на класификационната схема | Код за повреда | Коз за рестрикции | Код за отдаване | Артикулен № | Име на библиотеката - собственик | Име на библиотеката, в която се намира в момента | Статус (Текущо местоположение) | Дата на вписване в системата | Местоположение - отдел | Цена в лева | Инвентарен номер | Систематично азбучна сигнатура | Баркод | Номер на екземпляра | Цена в евро | Служебна бележка | Служебен тип на артикула | Номерация (Хронология) |
|---|---|---|---|---|---|---|---|---|---|---|---|---|---|---|---|---|---|---|---|---|
| Не е изгубен | Universal Decimal Classification | Не е повреден | без рестрикции | ползва се в читалня | 252679 | Регионална библиотека "Любен Каравелов" Русе | Регионална библиотека "Любен Каравелов" Русе | Хранилище | 1980-01-01 | Хранилище | 1.39 | 305325 | Цб І 18091 | 120000305325 | 1 | 0.71 | Дост: Dp Вид: Д N: Сф Дата: 01.01.1980 | Книги | ||
| Не е изгубен | Universal Decimal Classification | Не е повреден | без рестрикции | ползва се в читалня | 252680 | Регионална библиотека "Любен Каравелов" Русе | Регионална библиотека "Любен Каравелов" Русе | Краезнание | 1980-01-01 | Краезнание | 1.39 | 306741 | К 329(092)/Т 18 С | 120000306741 | 2 | 0.71 | N: Сф Дата: 01.01.1980 Дата инв: 13.11.2017 Бележки инв: К2017 | Книги | ||
| Не е изгубен | Universal Decimal Classification | Не е повреден | без рестрикции | ползва се в читалня | 252681 | Регионална библиотека "Любен Каравелов" Русе | Регионална библиотека "Любен Каравелов" Русе | Краезнание | 1980-01-01 | Краезнание | 1.39 | 306742 | К 329(092)/Т 18 С | 120000306742 | 3 | 0.71 | N: Сф Дата: 01.01.1980 Дата инв: 13.11.2017 Бележки инв: К2017 | Книги | Автограф: Салис Таджер |